Demography of human population / (Record no. 97693)

MARC details
000 -LEADER
fixed length control field 00580nam a22001937a 4500
005 - DATE AND TIME OF LATEST TRANSACTION
control field 20151120120406.0
010 ## - LCCN (DPL NO)
LC control number ENG-114243
020 ## - INTERNATIONAL STANDARD BOOK NUMBER
International Standard Book Number 9788186772553
Terms of availability 695.00
035 ## - SYSTEM CONTROL NUMBER
System control number EN-97775
037 ## - SOURCE OF ACQUISITION
Source of stock number/acquisition DBAD/PUB
082 ## - DEWEY DECIMAL CLASSIFICATION NUMBER
Classification number 304.6
100 ## - MAIN ENTRY--PERSONAL NAME
Personal name Singh, V.S.
245 ## - TITLE STATEMENT
Title Demography of human population /
Statement of responsibility, etc by V.S. Singh
260 ## - PUBLICATION, DISTRIBUTION, ETC. (IMPRINT)
Place of publication, distribution, etc New Delhi
Name of publisher, distributor, etc New Academic Publishers
Date of publication, distribution, etc 2013
270 ## - ADDRESS
Address 4760-61,23, Ansari Road Daryaganj
City New Delhi
Postal code 110002
300 ## - PHYSICAL DESCRIPTION
Extent 142p.
Dimensions 22cm(Hb)
500 ## - GENERAL NOTE
General note Includes bibliographical references
942 ## - ADDED ENTRY ELEMENTS (KOHA)
Source of classification or shelving scheme Dewey Decimal Classification
Item type English Books
Call number suffix SIN
Classification part 304.6
Holdings
Withdrawn status Lost status Not for loan Collection code Home library Current library Date acquired Source of acquisition Cost, normal purchase price Full call number Barcode Copy number Cost, replacement price Koha item type
    Not For Loan Non-fiction D.B.Act.Division D.B.Act.Division 08/10/2015 DBAD/PUB 695.00 304.6 SIN EN-97775 1 695.00 English Books

© Delhi Public Library
Hit Counter
free hit counter